000 00748nab a2200241u 4500
001 09792
003 HDC
007 c| |||a|c|aaaa
008 210202b20120326my ||||| |||| 00| 0 may d
040 _aHDC
245 0 _a1-InnoCERT bantu pembangunan PKS
336 _atext
_2rdacontent
337 _acomputer
_2rdamedia
338 _aonline resource
_2rdacarrier
650 _a1-InnoCERT
_910016
650 _asmall and medium enterprises (SME)
_97657
650 _aSME Corp
_99986
710 _aSinar Harian
856 _zRequest full-text at [email protected]
942 _2lcc
942 _cNEWS
942 _kNWSC 003599
999 _c7115
_d7115